000 nam a22 7a 4500
999 _c24336
_d24336
008 170128b xxu||||| |||| 00| 0 eng d
050 _aND237 .B456A2 1958
100 _aBemelmans,Ludwig
245 _aMy life in art./
_cLudwig Bemelmans
260 _aNew York,
_bHarper & brothers ,pub. ,
_c[1958]
300 _a63p. :
_bill. ;
_c33cm.
650 _a Autobiographie.
942 _2lcc
_cBOOKS
_hND237 .B456A2 1958